00491nam a2200157Ia 4500008004100000041000800041082001600049100002200065245002200087250000600109260004400115300001600159650001400175999001900189952012500208210716s2005 xx 000 0 und d aeng a658.87 VEDA aVedpuriswar, A V. aRetailing sector. a1 aHyderabadbICFAI University Pressc2005 aXXVIII, 148 aRetailing c202413d202413 001040708MBAaAIMITbAIMITd2008-03-03g450.00l0o658.87 VEDApMBA04979r2026-05-23 00:00:00v225.00w2021-07-16yBK